00545nam a2200157 a 450000100100000000500170001000800410002702000150006804000250008310000190010824501260012726000400025330000280029349000330032183000330035400004394020201002045045.0140509s1975 sp a 000 0 spa d a8433402153 aDO-SdBNPbspacBNPHU1 aMoya, Gonzalo.10aDon Pedro el Cruel :bbiología, política y tradición literaria en la figura de Pedro I de Castilla /cGonzalo Moya. aMadrid :bEdiciones Júcar,c1975. a355 p. :bil. ;c21 cm.1 aLa Vela latinav33aHistoria 0aLa Vela latinapHistoriav33